00375nam a2200133Ia 4500008004100000100002500041245007400066260000900140300001300149504001100162650001300173650002000186773003500206181130s2018 xx 000 0 und d aSuthar, Sudhir Kumar aContemporary farmers' protests and the 'new rural- agrarian' in India c2018 ap.17-23. d30-Jun aFarmers  aFarmers - India aEconomic and Political Weekly